Estructura agraria y migración: un intento de análisis /

Guardat en:
Dades bibliogràfiques
Autor principal: Raabe Cercone, Carlos
Format: Text
Etiquetes: Afegir etiqueta
Sense etiquetes, Sigues el primer a etiquetar aquest registre!

MARC

LEADER 00000 a a2200000 04500
001 7982
003
040
100 |a Raabe Cercone, Carlos  
245 |a Estructura agraria y migración:   |b un intento de análisis /  |c Carlos Raabe Cercone 
773 |g número 9; páginas 255-268  
999 |c 39398  |d 39398